000 00488nam a2200181Ia 4500
001 18116
005 20260306171607.0
008 260306s9999||||xx |||||||||||||| ||und||
041 _aESP
082 _a658.4012
_bD18A
100 _aD'Alessio Ipinza, Fernando A.
_eAUT
245 0 _aPlaneamiento estratégico razonado:
_baspectos conceptuales y aplicados
260 _c2014
300 _axxvii, 735 páginas :
_c27 cm.
650 _aGEN
654 _aCAN
942 _cLIB
_dJUS
_fJUS
_2ddc
_n
999 _c18116
_d18116